Câu tiếng Việt

Nghiên cứu câu tiếng Việt ở 3 bình diện: bình diện ngữ pháp của câu tiếng Việt, ngữ nghĩa và ngữ dụng của câu tiếng Việt

Saved in:
Bibliographic Details
Main Author: Nguyễn Thị Lương
Format: Book
Language:Vietnamese
Published: H. Đại học Sư phạm 2009
Edition:In lần thứ 2, có sửa chữa, bổ sung
Subjects:
Tags: Add Tag
No Tags, Be the first to tag this record!
Institutions: Mạng thư viện Đại học Đà Nẵng
LEADER 01470aam a22004098a 4500
001 000018253
003 14680
005 20131003151026.0
008 131001s2009 viesd
020 |c 27000đ  |d 1000b 
041 0 |a vie 
082 1 4 |2 14  |a 495.9225  |b NG-L 
100 1 |a Nguyễn Thị Lương 
245 1 0 |a Câu tiếng Việt  |c Nguyễn Thị Lương 
250 |a In lần thứ 2, có sửa chữa, bổ sung 
260 |a H.  |b Đại học Sư phạm  |c 2009 
300 |a 241 tr.  |c 24 cm. 
504 |a Thư mục: tr. 237-240 
520 |a Nghiên cứu câu tiếng Việt ở 3 bình diện: bình diện ngữ pháp của câu tiếng Việt, ngữ nghĩa và ngữ dụng của câu tiếng Việt 
650 0 4 |2 Bộ TK TVQG  |a Tiếng Việt  |x Ngữ pháp 
650 0 4 |2 Bộ TK TVQG  |a Tiếng Việt  |x Câu 
650 7 |2 Bộ TK TVQG 
650 7 |2 Bộ TK TVQG 
653 |a Ngữ dụng 
653 |a Câu 
653 |a Tiếng Việt 
655 7 |2 Bộ TK TVQG  |a Giáo trình 
OWN |a LSP 
AVA |a UDN50  |b LSP  |d 495.9225 NG-L  |e available  |t Error 5001 Not defined in file expand_doc_bib_avail.  |f 9  |g 1  |h N  |i 0  |k 1 
999 |a From the UDN01 
AVA |a UDN50  |b LSP  |d 495.9225 NG-L  |e available  |t Error 5001 Not defined in file expand_doc_bib_avail.  |f 9  |g 1  |h N  |i 0  |k 1 
TYP |a Monograph 
TYP |a Printed language 
980 |a Mạng thư viện Đại học Đà Nẵng